| 000 | 00507nam a2200193 a 4500 | ||
|---|---|---|---|
| 005 | 20140310183436.0 | ||
| 008 | 080304s19uu xx 00 eng d | ||
| 020 | _a0689855796 | ||
| 050 |
_aPZ 7 _b.G619S49 2003 |
||
| 100 | _aGoldman, Leslie. | ||
| 245 |
_aThe truth hurts / _cLeslie Goldman. |
||
| 260 |
_aNew York : _bSimon Pulse, _c2003. |
||
| 300 |
_a153 p. : _c18 cm. |
||
| 440 |
_aSabrina the teenage witch. _n49 |
||
| 650 | _aFiction. | ||
| 942 |
_cBK _2lcc |
||
| 999 |
_c22907 _d22907 |
||